| 000 | 00481nam a2200181 a 4500 | ||
|---|---|---|---|
| 001 | 6159 | ||
| 003 | CO-ViMGA | ||
| 008 | 141112s2004 ck r 000 u spa d | ||
| 040 |
_aCO-ViMGA _bspa _cCO-ViMGA |
||
| 082 | 0 | 4 | _a658.8 B126 |
| 100 | 1 |
_aBacon, Mark S _94819 |
|
| 245 | 1 | 0 |
_aComo hacen marketing directo : _bsecretos para la pequeña empresa |
| 260 |
_aBarcelona : _bGranica, _c1993 |
||
| 300 | _a456 p | ||
| 490 | _aManagement | ||
| 650 | 1 | 4 | _aMERCADOTECNIA |
| 942 |
_2ddc _cBK |
||
| 999 |
_c18133 _d18133 |
||